Теллур высокой частоты. Методы химического анализа; ГОСТ 19709.1-83 Теллур высокой чистоты. Метод определения серы; ГОСТ 19709.2-83 Теллур высокой чистоты. Метод определения селена

Bibliographic Details
Corporate Author: СССР Государственный комитет по стандартам (Госстандарт)
Language:Russian
Published: Москва, Изд-во стандартов, 1984
Edition:Изд. офиц.
TOC:ГОСТ 19709.1-83 Теллур высокой чистоты. Метод определения серы;
ГОСТ 19709.2-83 Теллур высокой чистоты. Метод определения селена;
Series:Государственные стандарты
Subjects:
Format: MixedMaterials Book
KOHA link:https://koha.lib.tpu.ru/cgi-bin/koha/opac-detail.pl?biblionumber=156310

MARC

LEADER 00000nam0a2200000 4500
001 156310
005 20231031153020.0
035 |a (RuTPU)RU\TPU\book\169549 
035 |a RU\TPU\book\169539 
090 |a 156310 
100 |a 20090325d1984 km y0rusy50 ca 
101 0 |a rus 
102 |a RU 
105 |a a l 000zy 
200 1 |a Теллур высокой частоты. Методы химического анализа 
205 |a Изд. офиц. 
210 |a Москва  |c Изд-во стандартов  |d 1984 
215 |a 11 с.  |c ил. 
225 1 |a Государственные стандарты 
464 |t ГОСТ 19709.1-83 Теллур высокой чистоты. Метод определения серы 
464 |t ГОСТ 19709.2-83 Теллур высокой чистоты. Метод определения селена 
610 1 |a стандарты 
610 1 |a ГОСТы 
610 1 |a теллур 
610 1 |a методы анализа 
610 1 |a химический анализ 
712 0 1 |a СССР  |b Государственный комитет по стандартам (Госстандарт)  |c (1978-1989)  |2 stltpush  |3 (RuTPU)RU\TPU\col\12454 
801 2 |a RU  |b 63413507  |c 20221208  |g PSBO 
942 |c BK